Largest Cities in the EU that aren't Capitals - Statistics

General Stats
  • This quiz has been taken 104 times
  • The average score is 25 of 34
Answer Stats
# Population City % Correct
2 1.636.193 Barcelona
100%
4 1.354.196 Milan
97%
3 1.505.814 Munich
94%
6 913.462 Naples
94%
5 1.085.741 Cologne
91%
1 1.905.519 Hamburg
89%
33 522.228 Lyon
88%
7 870.321 Marseille
88%
15 665.523 Rotterdam
88%
10 792.492 Valencia
85%
11 774.146 Frankfurt
84%
9 804.237 Krakow
84%
18 630.691 Düsseldorf
81%
12 681.998 Sevilla
81%
8 841.600 Turin
81%
17 632.592 Stuttgart
80%
31 538.910 Antwerp
77%
26 564.864 Dresden
74%
27 563.070 The Hague
73%
21 596.841 Gothenburg
71%
20 616.510 Leipzig
71%
19 630.167 Palermo
71%
25 573.251 Bremen
68%
23 586.787 Essen
68%
32 526.229 Nuremberg
67%
22 594.459 Dortmund
63%
16 655.279 Lodz
62%
29 547.499 Hanover
58%
28 558.745 Genoa
57%
24 579.076 Malaga
56%
13 674.132 Wroclaw
56%
14 673.010 Zaragoza
52%
30 540.146 Poznan
51%
34 503.033 Duisburg
44%
No matching quizzes found
Score Distribution
Percent of People with Each Score
Percentile by Number Answered
Your Score History
You have not taken this quiz